000 00338nam a22001217a 4500
040 _cHS
082 _a571
100 _aគី វណ្ណារិទ្ធ
245 _aសរីរៈវិទ្យាត្រី The physiology of fishes
260 _aRUA
_bគី វណ្ណារិទ្ធ
_c2001
300 _a73p.
942 _cKB
999 _c8844
_d8844